Paesi più vicini al Tagikistan - Uno Minuti Sprint - Statistics

Statistiche generali
  • Questo quiz è stato fatto 19 volte
  • Il punteggio medio è 14 su 20
Statistiche sulle risposte
km nazione % Corretto
0 Afghanistan
94%
277 India
94%
59 Kazakistan
94%
16 Pakistan
94%
1273 Russia
94%
0 Uzbekistan
94%
0 Cina
88%
110 Turkmenistan
88%
0 Kirghizistan
81%
965 Nepal
81%
593 Iran
75%
1933 Iraq
69%
1529 Mongolia
63%
1784 Armenia
56%
1737 Bangladesh
56%
1707 Bhutan
56%
1761 Georgia
50%
1453 Azerbaijan
44%
1649 Emirati Arabi Uniti
0%
1601 Oman
0%
Nessun quiz corrispondente trovato
Distribuzione punteggi
Percentuale di utenti per punteggio
Percentile per numero di risposta
I tuoi punteggi nel tempo
Non hai fatto questo quiz